Sports Quiz

Random Sports or NBA Quiz

Playoff Opponents of Kobe Bryant Quiz Stats

 Plays Quiz Updated May 3, 2018

Score 0/43 Timer 06:00
5 Plays Today
Year/Round Team % Correct
2008Boston Celtics
66.1%
1997Utah Jazz
65.9%
2010Boston Celtics
65.6%
2001Philadelphia 76ers
65.5%
2004Detroit Pistons
63.5%
1999San Antonio Spurs
62.7%
1998Utah Jazz
61.8%
2002New Jersey Nets
59.8%
2009Orlando Magic
59.4%
2000Indiana Pacers
57.9%
2003San Antonio Spurs
57.1%
2002Sacramento Kings
54.1%
2001San Antonio Spurs
52.7%
2011Dallas Mavericks
51.8%
2006Phoenix Suns
49.9%
2000Portland Trail Blazers
49.5%
2007Phoenix Suns
47.9%
1997Portland Trail Blazers
47.5%
2008San Antonio Spurs
46.1%
2004San Antonio Spurs
44.4%
2012Oklahoma City Thunder
44.2%
2002San Antonio Spurs
43.6%
Year/Round Team % Correct
2001Sacramento Kings
41.1%
1998Portland Trail Blazers
40.9%
2000Sacramento Kings
40.3%
1999Houston Rockets
38%
2010Phoenix Suns
37.5%
1998Seattle Supersonics
36.1%
2001Portland Trail Blazers
35.6%
2000Phoenix Suns
35.1%
2009Denver Nuggets
34.6%
2009Houston Rockets
32.7%
2002Portland Trail Blazers
32.5%
2004Minnesota Timberwolves
31.4%
2010Oklahoma City Thunder
29.4%
2004Houston Rockets
29.3%
2009Utah Jazz
28.6%
2008Utah Jazz
28.5%
2010Utah Jazz
27.4%
2008Denver Nuggets
26.9%
2012Denver Nuggets
25.8%
2003Minnesota Timberwolves
24.6%
2011New Orleans Hornets
20.4%

You're not logged in!

Compare scores with friends on all Sporcle quizzes.
OR
Log In

Show Comments

Extras

Top Quizzes Today


Score Distribution

Your Account Isn't Verified!

In order to create a playlist on Sporcle, you need to verify the email address you used during registration. Go to your Sporcle Settings to finish the process.

Report this User

Report this user for behavior that violates our Community Guidelines.

Details: